| LEADER |
00774nam0a2200217 450 |
| 001 |
16844705 |
| 010 |
|
|
|a 978-2-7470-5735-6
|b br.
|d 14,9
|
| 100 |
|
|
|a 20170307d2026 u u0frey01 ba
|
| 101 |
1 |
|
|a fre
|c eng
|
| 102 |
|
|
|a FR
|
| 200 |
0 |
|
|a revanche de l'Epouvanteur (La)
|f Joseph Delaney
|g traduit de l'anglais (Grande-Bretagne) par Marie-Hélène Delval
|
| 207 |
|
1 |
|a
|
| 210 |
|
|
|a [Paris]
|c Bayard Jeunesse
|d DL 2017
|
| 215 |
|
|
|a 1 vol. (348 p.)
|c ill.
|d 20 cm
|
| 225 |
1 |
|
|a L'Epouvanteur
|v 13
|
| 461 |
|
0 |
|t L'Epouvanteur
|v 13
|
| 700 |
|
0 |
|a Delaney
|b Joseph
|f 1945-....
|4 70
|
| 702 |
|
0 |
|a Delval
|b Marie-Hélène
|f 1944-....
|4 730
|
| 900 |
|
|
|a Roman Jeunesse
|
| 901 |
|
|
|a Accessible au prêt
|
| 995 |
|
|
|a Bibliothèque
|c Bibliothèque
|f 024024562
|h 024024562
|k J DEL
|o p
|q j
|r az
|e Bibliothèque
|